|
|
|
|
| LEADER |
00000nam0a2200000 4500 |
| 001 |
61923 |
| 005 |
20231031062901.0 |
| 010 |
|
|
|a 5901028465
|
| 035 |
|
|
|a (RuTPU)RU\TPU\book\65553
|
| 035 |
|
|
|a RU\TPU\order\7033
|
| 090 |
|
|
|a 61923
|
| 100 |
|
|
|a 20040325d2002 km y0rusy50 ca
|
| 101 |
1 |
|
|a rus
|c eng
|
| 102 |
|
|
|a RU
|
| 105 |
|
|
|a y g 001zy
|
| 200 |
1 |
|
|a Карманный справочник директора. Основы корпоративного управления: от А до Я
|e пер. с англ.
|f Б. Трикер
|
| 210 |
|
|
|a Москва
|c Олимп-Бизнес
|d 2002
|
| 215 |
|
|
|a 304 с.
|
| 320 |
|
|
|a Библиогр.: с. 296-299.
|
| 610 |
1 |
|
|a экономика
|
| 610 |
1 |
|
|a управление
|
| 610 |
1 |
|
|a корпоративное управление
|
| 610 |
1 |
|
|a руководители
|
| 610 |
1 |
|
|a руководство
|
| 610 |
1 |
|
|a директор
|
| 610 |
1 |
|
|a справочники
|
| 686 |
|
|
|a У821я2
|v LBC/SL-A
|2 rubbk
|
| 700 |
|
1 |
|a Трикер
|b Б.
|g Боб
|
| 801 |
|
1 |
|a RU
|b 63413507
|c 20040324
|g PSBO
|
| 801 |
|
2 |
|a RU
|b 63413507
|c 20120621
|g PSBO
|
| 942 |
|
|
|c BK
|
| 959 |
|
|
|a 17/20040224
|d 1
|e 300
|f ЧЗТЛ:1
|